| 000 | 00540nam a22001817a 4500 | ||
|---|---|---|---|
| 003 | OSt | ||
| 005 | 20140709180008.0 | ||
| 008 | 140709s2014 spc |||| 000 m cat|d | ||
| 017 | _aB. 10357-2014 | ||
| 020 | _a9788466418775 | ||
| 040 |
_bcat _cCDMR |
||
| 100 | 1 |
_aSisquella, Tatiana _94571 _d1978-2014 |
|
| 245 | 1 | 3 |
_aUn Dia qualsevol _cTatiana Sisquella ; [pròleg de Sílvia Soler] |
| 260 |
_aBarcelona _bColumna _c2014 |
||
| 300 |
_a210 p. _c23 cm |
||
| 500 | _aRecull d'articles publicats al diari "Ara" (2010-2013) | ||
| 942 |
_cMON _2udc |
||
| 999 |
_c6741 _d6741 |
||